000 00568nam a2200181Ia 4500
005 20250508160230.0
008 008 250505s9999 xx 000 0 eng d
037 _aBooks to be hide in OPAC
040 _aFEDL
_beng
_cFEDL
041 _aeng
_2eng
084 _a370.7, NCE/O
_qFEDL
245 0 _aHandbook for teachers class II
245 0 _cMathematics for Primary Schools
260 _aNew Delhi, India
_bNational Council of Educational Research and Training
_c1970
300 _avi,129p.
942 _cHB
_h370.7, NCE/O
999 _c1362878
_d1362878